000 00887nam a22002777a 4500
001 BR8002619
003 BR-BrBNA
005 20230928090607.0
007 ta
008 230509b bl.||||| |||| 00| 0 por d
040 _aBR-BrBNA
_bpor
_cBiblioteca Nacional de Agricultura
041 _a(Por)
072 _aF28
_b/G514
090 _ F28 BR8002619
100 1 _aIwasa, O.Y.
100 1 _aPrandini, F.L.
111 1 _a3. Congresso Brasileiro de Conservacao do Solo
_cBrasilia, DF (Brazil)
_d27 Oct 1980
245 1 _aPrevencao e correcao de fenomenos erosivos as bocorocas, exemplo da necessidade de diagnose [Erosao hidrica; Brasil]
260 3 _aSao Paulo, SP (Brasil):
_c1980.
300 _a24 p.
500 _aBibliography p. 18-24 (59 ref.); Summary (Por)
650 _aErosao do solo
650 _aErosao hidrica
909 _a202309
_bLucia
_c55
_dLucia Elande
942 _cBK
999 _c29538
_d29538